| 000 | 00340cam a22000977a 4500 | ||
|---|---|---|---|
| 008 | 180718b2015 xxu||||| |||| 00| 0 eng d | ||
| 082 | _aG2x54 In2/64-2014 | ||
| 245 |
_aCommittee on public undertakings parliament of India: Golden jubilee souvenir _cby Lok Sabha Secretariat |
||
| 260 |
_aNew Delhi _bLok Sabha Secretariat _c2015 |
||
| 300 | _a149p. | ||
| 999 |
_c503576 _d503576 |
||